| 000 | 00559nam a2200157Ia 4500 | ||
|---|---|---|---|
| 008 | 100122s9999 xx 000 0 und d | ||
| 082 |
_b54232 _a823.08 |
||
| 100 | _aबनहट्टी राजेंद्र | ||
| 245 | _aराजेंद्र बनहट्टी | ||
| 260 |
_bमॅजेस्टिक प्रकाशन _c1998 |
||
| 300 | _a171 | ||
| 630 | _aराजेंद्र बनहट्टी | ||
| 700 | _aशिधये श्रीराम | ||
| 730 | _aराजेंद्र बनहट्टी | ||
| 942 | _cBOOK | ||
| 999 |
_c431110 _d431107 |
||